MDQL
is popping MORE tags! Check the
thread
!
Quizzes
Events
Quiz Creation
Community
Videos
Private Events
Remove Ads
Sign In
Join for FREE
Feedback
Dark Mode
Quiz Categories
Sports
Geography
Music
Movies
Television
Just For Fun
Miscellaneous
History
Literature
Language
Science
Gaming
Entertainment
Religion
Holiday
For Kids
Quiz Lab
Recent
Popular Today
Quiz Kudos Today
Editor Picks
Curator Picks
Quizzes by...
Day
Popularity
Type
Ratings
Length
Year
Community
Subscriptions
Recent Discussions
Orange Saloon
Badges
Playlists
Quests
Create
Leaderboards
Showdown
Live 5
Trivia Bingo
Activity
Puzzle Library
Sporcle Events
Private Events
Virtual Trivia
Globe League
Become a Host
Pub Owners
SporcleCon
Opinionation
Our Games
Videos
Blog
Mobile Apps
Partnerships
Remove Ads and Go Orange
Feedback
Movies
Disney
Marvel Cinematic Universe
Movie Resume
Movie Titles
Oscar
Actor
Actress
Director
Pixar
Role
Movie Quotes
Movie Characters
Box Office
Nominee
Best Picture
Star Wars
James Bond
Horror Movies
Movies
Disney
Marvel Cinematic Universe
Movie Resume
Movie Titles
Oscar
Actor
Actress
Director
Pixar
Role
Movie Quotes
Movie Characters
Box Office
Nominee
Best Picture
Star Wars
James Bond
Horror Movies
Random Quiz
Search Sporcle
×
Quiz Lab
Quiz Lab
Movies
Quote
Type in answers that appear in a list
Type in answers that appear in a list
Classic
Best Score? Go Orange.
Step Brothers Quotes Stats
Can you name the Step Brothers Quotes?
By
Nairn69
6m
16 Questions
1,549 Plays
1,549 Plays
1,549 Plays
Comments
Comments
Give Quiz Kudos
Give Quiz Kudos
-
- Ratings
hide this ad
Replay
Link that replays current quiz
Next Quiz
Link to next quiz in quiz playlist
You Got
0%
They Got
Avg Score
72%
Avg Friend Score
Upgrade to see
Score Distribution
Jump to the score distribution portion of the page
Score
0/16
Timer
06:00
0
Plays Today
Hints
Answers
% Correct
Dad what are you doing? It's _
_
_
_
_
Week!
Shark
95.4%
Boats and _
_
_
_
!
hoes
92.9%
Brennan has a _
_
_
_
_
_
_
_
.
man-gina
90.5%
You have the voice of an angle. Your voice is like a combination of _
_
_
_
_
_
and Jesus!
Fergie
90.3%
I swear, I'm so pissed off at my mom. As soon as she is of age i'm putting her in a _
_
_
_
.
home
89.5%
Sticks and stones may break my bones, but I will kick you repeatedly in the _
_
_
_
_
!
balls
89.1%
I'm going to take a pillowcase and fill it full of bars of _
_
_
_
, and beat the s*** out of you!
soap
88.9%
The clown has no _
_
_
_
_
penis
75.7%
Hints
Answers
% Correct
When i was a kid, when i was a little boy, I always wanted to be a _
_
_
_
_
_
_
_
.
dinosaur
71.6%
I witnessed with my eyes your _
_
_
_
_
_
_
_
_
touching my drumset.
testicles
65.4%
I would follow you into the mists of _
_
_
_
_
_
if that's what you mean.
Avalon
52.8%
_
_
_
_
_
_
_
_
_
masks!
Chewbacca
49.6%
I _
_
_
_
_
_
_
_
_
_
your drum set!
tea-bagged
47.4%
Why are you so _
_
_
_
_
_
?
sweaty
33.4%
Your making an ass out of yourself, you _
_
_
_
_
_
_
_
_
f***.
geriatric
26.7%
You and your mom are _
_
_
_
_
_
_
_
_
_
.
hilbillies
13%
Quiz Playlist
Details
Report
Send in Message
Add To Playlist
Classic:
Type in answers that appear in a list
Last Updated: Nov 20, 2018
Quiz Scoreboard
CHALLENGE
Sign Up to Join the Scoreboard
Show All
Scores
Hide
Comments
May contain spoilers
Recently Published
5x2 Blitz: Bands
by SL_Kpop136
Music
30s
Colored Red Africa Blitz
by spor1
Geography
30s
Find the 'City' Movie
by crazypaving
Movies
60s
More to Explore
Quiz From the Vault
Featured Blog Post
14 Easter Pick-up Lines to Find Eggs With
hide this ad
You Might Also Like...
Tags
Quote Quiz
Brother
step
Step Brothers
Today's Top Quizzes in Movies
Browse Movies
hide this ad
Today's Top Quizzes in Quote
Browse Quote
Top Contributed Quizzes in Movies
1
Find The 'Big' Movie
2
Find The 'Blue' Movie
3
Find The 'Wild' Movie
4
Hidden Star Wars Character II
5
Pick 5 Posters: Directed by Spielberg
6
Hidden Star Wars Character III
7
Hidden Star Wars Character IV
8
Movies By Plot
9
Alfred Hitchcock Movies by Plot
10
Hidden Star Wars Character V
Explore More
Trending Topics
NBA
Marvel
Disney
Crossword
Kpop
Harry Potter
Anime
The Office
Country
Puzzle
Pokémon
WWE
Soccer
Song
NFL
hide this ad
More By:
Nairn69
Quiz
Plays
Rating
Category
Featured
Created
Step Brothers Quotes
1,549
4.50
Movies
May 13, 2011
The Other Guys Quotes
1,054
3.00
Movies
May 12, 2011
Due Date Quotes
155
3.00
Movies
May 12, 2011
Mixed Words
68
2.83
Just For Fun
May 26, 2011
Go to Creator's Profile
Score Distribution
Quiz Creator Spotlight
Nairn69
Follow
Send a Message
Quizzes Created
-
Created Quiz Play Count
-
More By This Creator
Popular Quizzes Today
1
Find the 'City' Movie
2
5x2 Blitz: Bands
3
Colored Red Africa Blitz
4
The Countries of the World
5
Find the US States - No Outlines Minefield
6
Find the US States
7
9x9 Crossword: Cartoon Network
8
US States
More Movies Quizzes
Boston Movies
Published
Trending Quizzes
Colored Red Africa Blitz II
Colored Red Europe Blitz I
Colored Red Africa Blitz III
Colored Red Europe Blitz II
Colored Red Europe Blitz III
Recently Updated
Champions League XIs: Real Madrid
pecheneg
Largest US Cities 1790-2010
pecheneg
Rides in Walt Disney World
pecheneg
Most Oscar Losses (Acting)
pecheneg
Beyoncé Albums
pecheneg
Leaping Animals
pecheneg
Reality TV Shows (A-Z)
bhenderson79
Rickey Henderson's Hall of Fame Teammates
pecheneg
Champions League XIs: Arsenal
pecheneg
Quick Pick: Celebrities in WWE's Hall of Fame
aduchscher
Trending Topics
Harry Potter
NBA
Disney
Crossword
Anime
Marvel
Kpop
Country
WWE
Soccer
Puzzle
Song
The Office
NFL
Pokémon
Your Account Isn't Verified!
In order to create a playlist on Sporcle, you need to verify the email address you used during registration. Go to your
Sporcle Settings
to finish the process.
Report this User
Report this user for behavior that violates our
Community Guidelines
.
Details:
Send Report
Go to the Sporcle.com Mobile Site →
Comments